000 00289nam a22001337a 4500
008 170609b xxu||||| |||| 00| 0 eng d
020 _a370004647
041 _aeng
080 _a328
100 _a19
101 _aSHP
245 _aROOSEVELT & FRANKFURTER
_cFREEDMAN,M
942 _2udc
_cBK
999 _c16675
_d16675